Т. 84, вып. 3; Прикладная математика и механика

Bibliographic Details
Parent link:Прикладная математика и механика: научный журнал/ Российская академия наук (РАН). Т. 84, вып. 3.— , 1937-1988, 1990-
Language:Russian
Published: 2020
Online Access:https://sciencejournals.ru/view-issue/?j=prmatm&y=2020&v=84&n=3
https://www.elibrary.ru/contents.asp?id=42963847
Format: Electronic Book
KOHA link:https://koha.lib.tpu.ru/cgi-bin/koha/opac-detail.pl?biblionumber=589372

MARC

LEADER 00000nam2a2200000 4500
001 589372
005 20231101131544.0
035 |a (RuTPU)RU\TPU\prd\292088 
035 |a RU\TPU\prd\292087 
090 |a 589372 
100 |a 20230115a19369999k y0rusy50 ca 
101 0 |a rus 
102 |a RU 
181 0 |a i  
182 0 |a b 
200 0 |a Т. 84, вып. 3  |b Электронный ресурс 
203 |a Текст  |c электронный 
210 |d 2020 
461 1 |0 (RuTPU)RU\TPU\prd\1688  |t Прикладная математика и механика  |o научный журнал  |f Российская академия наук (РАН)  |v Т. 84, вып. 3  |d 1937-1988, 1990- 
801 0 |a RU  |b 63413507  |c 20010227  |g PSBO 
801 1 |a RU  |b 63413507  |c 20170403 
801 2 |a RU  |b 63413507  |c 20230115  |g RCR 
856 4 0 |u https://sciencejournals.ru/view-issue/?j=prmatm&y=2020&v=84&n=3 
856 4 0 |u https://www.elibrary.ru/contents.asp?id=42963847 
942 |c BK